00769nam a22002417a 450000500170000001000150001702000260003202000230005803500130008103700130009408200120010710000260011924500820014525000110022726000440023827000490028230000370033150000510036865000370041965000240045665000260048070000210050620140101144258.0 aENG-108951 a9781259097423c675.00 a1259097420c675.00 aEN-92484 bDBAD/PUB a337220 a Appleyard, Dennis R. aInternational economics /cby Dennis R. Appleyard [and] Alfred J. Field, Jr. a8th ed aNew DelhibMcGraw Hill Education c2013 aP-24,Green Park ExtensionbNew Delhie110016 axxiv, 824 p. : c26cm(pbk)bill. aIncludes bibliographical references and index. aInternational economic relations aInternational trade aInternational finance aField, Alfred J.